Encounters with Einstein: (Record no. 122461)
[ view plain ]
| 000 -LEADER | |
|---|---|
| fixed length control field | 00638nam a22001817a 4500 |
| 008 - FIXED-LENGTH DATA ELEMENTS--GENERAL INFORMATION | |
| fixed length control field | 150318b xxu||||| |||| 00| 0 eng d |
| 020 ## - INTERNATIONAL STANDARD BOOK NUMBER | |
| International Standard Book Number | 06991024332 |
| 050 ## - LIBRARY OF CONGRESS CALL NUMBER | |
| Classification number | Q175.H393113 1989 |
| 100 ## - MAIN ENTRY--PERSONAL NAME | |
| Personal name | Heisenberg, W. |
| 9 (RLIN) | 16411 |
| 245 ## - TITLE STATEMENT | |
| Title | Encounters with Einstein: |
| Remainder of title | and other essays on people, places, and particles |
| Statement of responsibility, etc | /by Werner Heisenberg |
| 260 ## - PUBLICATION, DISTRIBUTION, ETC. (IMPRINT) | |
| Place of publication, distribution, etc | Princeton, New Jersey |
| Name of publisher, distributor, etc | Princeton university Press |
| Date of publication, distribution, etc | 1983 |
| 300 ## - PHYSICAL DESCRIPTION | |
| Extent | 141p. ; |
| Dimensions | 22cm. |
| 650 ## - SUBJECT ADDED ENTRY--TOPICAL TERM | |
| Topical term or geographic name as entry element | Science |
| General subdivision | History |
| 9 (RLIN) | 16412 |
| 650 ## - SUBJECT ADDED ENTRY--TOPICAL TERM | |
| Topical term or geographic name as entry element | Physics |
| General subdivision | History |
| 9 (RLIN) | 13654 |
| 650 ## - SUBJECT ADDED ENTRY--TOPICAL TERM | |
| Topical term or geographic name as entry element | Particles (nuclear physics) |
| 9 (RLIN) | 13723 |
| 650 ## - SUBJECT ADDED ENTRY--TOPICAL TERM | |
| Topical term or geographic name as entry element | Quantum theory |
| General subdivision | History |
| 9 (RLIN) | 13415 |
| 942 ## - ADDED ENTRY ELEMENTS (KOHA) | |
| Source of classification or shelving scheme | Library of Congress Classification |
| Item type | Monograph ( Printed materials) |
| Withdrawn status | Lost status | Source of classification or shelving scheme | Damaged status | Not for loan | Collection code | Home library | Current library | Shelving location | Date acquired | Total Checkouts | Full call number | Barcode | Date last seen | Date last borrowed | Price effective from | Koha item type |
|---|---|---|---|---|---|---|---|---|---|---|---|---|---|---|---|---|
| Library of Congress Classification | Main Collection | ARRUPE LIBRARY | ARRUPE LIBRARY | Main Collection | 18/03/2015 | 3 | Q175.H393113 1989 | 46500003683 | 03/07/2019 | 21/12/2015 | 18/03/2015 | Monograph ( Printed materials) |